Demänovské jaskyne Galeria Zázračných sieni

Zobrazenie: Pohľad v bielom orámovaní na sieň vo vnútri jaskyne. V popredí vidno mohutný kvapeľ. Vľavo od neho stojí muž

Bibliographic Details
Format: Photo
Language:Slovak
PhysicalDescription:1 pohľadnica čiernobiela 14 x 9 cm
Published: V Lipt. Sv. Mikuláši Dtružstvo Demänovských jaskýň [medzi 1929 a 1950?]
Subjects:

MARC

LEADER 00000nkm a2200000 a 4500
001 vtls011924006
003 SK-MaSNL
005 20260302060722.0
007 kf bo
008 231120q1929 xo g kuslo
015 |a SNBG 
035 |a urn:nbn:sk:snk-km00e9yv 
035 |a urn:nbn:sk:snk-km43h7c 
035 |a F8A96F33-5ACE-4A14-93B6-40288BD05AC6 
040 |a SNK  |b slo  |c SNK  |e AACR2 
041 0 |a slo 
043 |a e-xo--- 
044 |a xo  |c SK 
072 7 |a 908(437)  |x Vlastiveda Česka a Slovenska  |2 konspekt 
080 |a 908(437.6)  |2 2011 
080 |a 551.442  |2 2011 
080 |a (084.121)  |2 2011 
080 |a 551.44  |2 2011 
080 |a 551.1/.4  |2 2011 
245 0 0 |a Demänovské jaskyne  |h grafika  |b Galeria Zázračných sieni 
260 |a V Lipt. Sv. Mikuláši  |b Dtružstvo Demänovských jaskýň  |c [medzi 1929 a 1950?]  |e [Sadská]  |f Bromografia 
300 |a 1 pohľadnica  |b čiernobiela  |c 14 x 9 cm 
500 |a Názvové údaje prevzaté z obrazovej časti pohľadnice 
500 |a Číslo záberu 533 
500 |a Na adresnej časti pohľadnice uvedené: "Reprodukčné právo je vyhradené. " 
500 |a V známkovom poli je uvedené: "Prafá fotografie" 
520 8 |a Zobrazenie: Pohľad v bielom orámovaní na sieň vo vnútri jaskyne. V popredí vidno mohutný kvapeľ. Vľavo od neho stojí muž 
650 0 7 |a jaskyne  |2 SNKPH  |9 20772 
650 0 7 |a speleológia  |2 SNKPH  |9 17878 
650 0 7 |a geológia  |2 SNKPH  |9 167377 
651 7 |a Demänovské jaskyne (Slovensko)  |2 SNKPHgeo  |9 160786 
655 7 |a geografické pohľadnice  |2 SNKPH  |9 70522 
752 |a Slovensko  |d Liptovský Mikuláš 
852 |a Slovenská národná knižnica 
954 |a pohľadnice pôvodné (slovenské)  |2 lita 
954 |a pohľadnice cudzojazyčné (svetové)  |2 lita 
958 |a OND 
958 |a GBN 
958 |a GC 
958 |a EUIPO 
999 |c 1122321  |d 1124251 
952 |a SNK  |b SNK  |y PREZ  |7 0  |p 17A1380938  |o snkSP 57781  |0 0  |1 0  |4 0  |d 2020-03-12  |f 1  |l 0  |r 2026-02-24 18:35:30  |w 2026-02-24